| 000 | 00564nam a2200181Ia 4500 | ||
|---|---|---|---|
| 008 | 090124s9999 xx 000 0 und d | ||
| 082 | _b39075 | ||
| 100 | _aभट अविनाश | ||
| 245 | _a भारतीय उपग्रह | ||
| 250 | _a0 | ||
| 260 |
_bपॅपिलॉन पब्लिशिंग हाऊस _c2001 |
||
| 300 | _a32 | ||
| 600 | _aभट अविनाश | ||
| 630 | _a भारतीय उपग्रह | ||
| 700 | _aभट अविनाश | ||
| 730 | _a भारतीय उपग्रह | ||
| 942 | _cBOOK | ||
| 999 |
_c99885 _d99885 |
||